Normal view
MARC view
- Price, Leslie William
Entry Personal Name
001 - CONTROL NUMBER
- control field: 103296
003 - CONTROL NUMBER IDENTIFIER
- control field: NUST
005 - DATE AND TIME OF LATEST TRANSACTION
- control field: 20221121165959.0
008 - FIXED-LENGTH DATA ELEMENTS
- fixed length control field: 221121|| aca||aabn | a|a d
040 ## - CATALOGING SOURCE
- Original cataloging agency: NUST
- Transcribing agency: NUST
100 ## - HEADING--PERSONAL NAME
- Personal name: Price, Leslie William
670 ## - SOURCE DATA FOUND
- Source citation: Work cat.: (NUST)181549: Price, Leslie William., Servicing electronic laboratory equipment /, 1973.
